[Event "Topalov WC2009"]
[Site "SchemingMind.com"]
[Date "2009.01.11"]
[Round "-"]
[White "keen"]
[Black "fouche"]
[Result "1-0"]
[WhiteCountry "SCO"]
[BlackCountry "COL"]
[WhiteElo "1650"]
[WhiteRD "57"]
[BlackElo "1525"]
[BlackRD "51"]
[GameID "187315"]

1. c4 Nf6 2. Nc3 e6 3. Nf3 d5 4. e3 c6 5. d4 Bd6 6. Bd3 O-O 7. O-O Nbd7 8. cxd5 cxd5 9. Qc2 h6 10. Re1 a6
11. e4 dxe4 12. Nxe4 Nxe4 13. Bxe4 Rb8 14. Be3 Nf6 15. Bd3 Re8 16. Rad1 b5 17. Ne5 Bb7 18. Qd2 Bxe5 19. dxe5 Nd5 20. Bxh6 Qh4
21. Bg5 Qg4 22. Re4 Qf5 23. Rde1 Qg6 24. Rh4 f5 25. exf6 Qf7 26. Bh7+ Kf8 27. fxg7+ Kxg7 28. Qd4+ Kf8 29. Qh8+
1-0

[Event "Topalov WC2009"]
[Site "SchemingMind.com"]
[Date "2009.01.11"]
[Round "-"]
[White "fouche"]
[Black "keen"]
[Result "0-1"]
[WhiteCountry "COL"]
[BlackCountry "SCO"]
[WhiteElo "1525"]
[WhiteRD "51"]
[BlackElo "1650"]
[BlackRD "57"]
[GameID "187316"]

1. e4 e5 2. f4 exf4 3. Bc4 Qh4+ 4. Kf1 g5 5. Nf3 Qh5 6. d4 Bg7 7. c3 d6 8. Na3 Bg4 9. Nc2 Nc6 10. Nce1 O-O-O
11. h3 h6 12. Kg1 Bd7 13. b4 Nf6 14. Qd3 Rhe8 15. e5 dxe5 16. Nxe5 Nxe5 17. dxe5 Bc6 18. Qf1 Ne4 19. b5 Ng3 20. Qf2 Nxh1
21. Kxh1 Qxh3+ 22. Kg1 Qxc3 23. Bb2 Qxc4 24. bxc6 b6 25. a4 Qxc6 26. Rc1 Qxa4 27. Qf3 Bxe5 28. Qa8+ Kd7 29. Qd5+ Bd6 30. Qxf7+ Kc8
31. Bf6 Qd7 32. Qa2 Be7 33. Qxa7 Qd6 34. Qa8+ Kd7 35. Qa4+ Ke6 36. Bg7 Kf7 37. Ba1 Qd2 38. Qc4+ Kf8 39. Nf3 Qe3+ 40. Kh2 Rd2
41. Ne5 Qg3+
0-1

[Event "Topalov WC2009"]
[Site "SchemingMind.com"]
[Date "2009.01.12"]
[Round "-"]
[White "airborne82p"]
[Black "keen"]
[Result "0-1"]
[WhiteCountry "USA"]
[BlackCountry "SCO"]
[WhiteElo "1494"]
[WhiteRD "94"]
[BlackElo "1710"]
[BlackRD "60"]
[GameID "187511"]

1. e4 d5 2. exd5 Qxd5 3. Nc3 Qa5 4. b3 e5 5. Bb2 Nf6 6. Qe2 Nbd7 7. O-O-O Bb4 8. Kb1 O-O 9. Qb5 Bxc3 10. dxc3 Qb6
11. Qxb6 Nxb6 12. Nf3 e4 13. Nd4 Bg4 14. Be2 Bxe2 15. Nxe2 Rad8 16. Nd4 Rfe8 17. c4 a5 18. Nb5 Ng4 19. Rdf1 c6 20. Nd4 a4
21. h3 Ne5 22. Rd1 axb3 23. cxb3 Nd3 24. Nf5 Nxb2 25. Kxb2 g6 26. Ne3 Nd7 27. b4 Ne5 28. Rxd8 Rxd8 29. Rd1 Rxd1 30. Nxd1 Nxc4+
31. Kc3 Ne5 32. Kd4 Nd3 33. f4 Nxb4 34. Nc3 f5 35. g4 Kf7 36. Ke5 e3 37. gxf5 gxf5 38. Kxf5 Nxa2 39. Ne2 b5 40. Ke4 b4
41. Kxe3 b3 42. Kd2 b2 43. Kc2 Kf6 44. Kxb2 Nb4 45. Kc3 Nd5+ 46. Kd4 Kf5 47. h4 Nxf4 48. Nxf4 Kxf4 49. Kc5 h5 50. Kxc6 Kg4
51. Kd5 Kxh4 52. Ke4 Kg3 53. Ke3 Kg2 54. Kf4 h4
0-1

[Event "Topalov WC2009"]
[Site "SchemingMind.com"]
[Date "2009.01.12"]
[Round "-"]
[White "airborne82p"]
[Black "fouche"]
[Result "1-0"]
[WhiteCountry "USA"]
[BlackCountry "COL"]
[WhiteElo "1533"]
[WhiteRD "106"]
[BlackElo "1525"]
[BlackRD "51"]
[GameID "187512"]

1. e4 e6 2. d4 d5 3. e5 c5 4. c3 Nc6 5. Nf3 cxd4 6. cxd4 Bb4+ 7. Bd2 Qb6 8. a3 Bxd2+ 9. Qxd2 Nge7 10. Nc3 Bd7
11. Nb5 O-O 12. Be2 Nf5 13. O-O a6 14. Nd6 Nxd6 15. exd6 Rac8 16. Rac1 Na5 17. Ne5 Rfd8 18. Nxd7 Qxd6 19. Rxc8 Qxd7 20. Rxd8+ Qxd8
21. f4
1-0

[Event "Topalov WC2009"]
[Site "SchemingMind.com"]
[Date "2009.01.13"]
[Round "-"]
[White "keen"]
[Black "airborne82p"]
[Result "1-0"]
[WhiteCountry "SCO"]
[BlackCountry "USA"]
[WhiteElo "1671"]
[WhiteRD "56"]
[BlackElo "1470"]
[BlackRD "100"]
[GameID "187513"]

1. d4 d5 2. e3 e6 3. Bd3 Nf6 4. Nd2 Nc6 5. c3 Bd6 6. f4 O-O 7. Ngf3 Ng4 8. Qe2 Qf6 9. h3 Nh6 10. g4 Bxf4
11. exf4 Qxf4 12. Ne4 Qxc1+ 13. Rxc1 dxe4 14. Bxe4 f5 15. gxf5 exf5 16. Qc4+ Kh8 17. Bd3 Re8+ 18. Kf2 Bd7 19. Rhg1 a6 20. Rg5 b5
21. Qd5 Rad8 22. Rcg1 Ne7 23. Qe5 Ng6 24. Qg3 f4 25. Qh2 Rf8 26. Ne5 Bf5 27. Bxf5 Nxf5 28. Nxg6+ hxg6 29. Rxg6 Rd7 30. Qxf4 Rdf7
31. Ke1 Nd6 32. Qh4+ Kg8 33. Rh6 Rf1+ 34. Rxf1 Rxf1+ 35. Kxf1 gxh6 36. Qd8+ Kf7 37. Qxc7+ Ke6 38. Qb6 Kd5 39. Qc5+ Ke6 40. Qe5+ Kd7
41. Qg7+ Ke6 42. Qxh6+ Kd5 43. Qg5+ Ke6 44. h4
1-0

[Event "Topalov WC2009"]
[Site "SchemingMind.com"]
[Date "2009.01.13"]
[Round "-"]
[White "fouche"]
[Black "airborne82p"]
[Result "1-0"]
[WhiteCountry "COL"]
[BlackCountry "USA"]
[WhiteElo "1571"]
[WhiteRD "53"]
[BlackElo "1470"]
[BlackRD "100"]
[GameID "187514"]

1. d4 g6 2. c4 Bg7 3. Nc3 c5 4. d5 Nf6 5. e4 d6 6. Bd3 O-O 7. f4 e6 8. Nf3 Re8 9. O-O exd5 10. exd5 Ng4
11. h3 Ne3 12. Bxe3 Rxe3 13. Re1 Rxe1+ 14. Qxe1 Nd7 15. Ng5 Nf6 16. Qe3 Bd7 17. Re1 Qb6 18. Qd2 Re8 19. Rxe8+ Bxe8 20. Nce4 Nxe4
21. Nxe4 Bxb2 22. Ng3 Bd4+ 23. Kh2 f5 24. Qe2 Ba4 25. Qe6+ Kf8 26. h4 Bd1 27. Be2 Qb1 28. h5 Bxe2 29. Nxe2 Qb2 30. hxg6 hxg6
31. Kh3 Qxa2 32. Qxd6+ Kf7 33. Qd7+ Kf6 34. Nxd4 Qxc4 35. d6 Qxd4 36. Qe7#
1-0

[Event "Topalov WC2009"]
[Site "SchemingMind.com"]
[Date "2009.01.20"]
[Round "-"]
[White "Queeny"]
[Black "keen"]
[Result "1-0"]
[WhiteCountry "ENG"]
[BlackCountry "SCO"]
[WhiteElo "1613"]
[WhiteRD "76"]
[BlackElo "1650"]
[BlackRD "57"]
[GameID "188436"]

1. e4 e6 2. Nf3 d5 3. Nc3 c5 4. exd5 exd5 5. Bb5+ Nc6 6. Ne5 Qd6 7. Qe2 Be6 8. d3 Ne7 9. Bf4 Bd7 10. Nxc6 Qxf4
11. Nxe7 Bxe7 12. Bxd7+ Kxd7 13. Qxe7+ Kxe7 14. Nxd5+ Kd6 15. Nxf4 Rae8+ 16. Ne2 Re7 17. Kd2 Rhe8 18. Rae1 g6 19. Nc3 Rxe1 20. Rxe1 Rf8
21. Ne4+ Kc6 22. Nf6 h5 23. Re8 Rxe8 24. Nxe8 Kd7 25. Nf6+ Ke6 26. Ne4 b6 27. Ke3 Ke5 28. f4+ Kf5 29. Kf3 Ke6 30. Ng5+ Kf6
31. Ne4+ Ke6 32. Ng5+ Kf5 33. Nxf7
1-0

[Event "Topalov WC2009"]
[Site "SchemingMind.com"]
[Date "2009.01.21"]
[Round "-"]
[White "Queeny"]
[Black "fouche"]
[Result "0-1"]
[WhiteCountry "ENG"]
[BlackCountry "COL"]
[WhiteElo "1613"]
[WhiteRD "76"]
[BlackElo "1525"]
[BlackRD "51"]
[GameID "188437"]

1. e4 e6 2. Nc3 d5 3. exd5 exd5 4. Qe2+ Be6 5. Qb5+ Nc6 6. Qxb7 Nge7 7. Bb5 Kd7 8. Nxd5 Bxd5 9. Bxc6+ Bxc6 10. Qb4 Bxg2
11. Qg4+ f5 12. Qxg2 Nc6 13. Qh3 Qe8+ 14. Ne2 g6 15. d3 Bd6 16. Be3 Qe6 17. O-O-O Qxa2 18. Bf4 Qa1+ 19. Kd2 Bb4+ 20. Ke3 Qxb2
21. Rc1 Rae8+ 22. Kf3 Nd4+ 23. Nxd4 Qxd4 24. Kg3 Bd6 25. Bxd6 cxd6 26. Rhe1 h5 27. Rxe8 Rxe8 28. Qh4 Qxh4+ 29. Kxh4 Re2 30. Ra1 Rxf2
31. Rxa7+ Ke6
0-1

[Event "Topalov WC2009"]
[Site "SchemingMind.com"]
[Date "2009.01.21"]
[Round "-"]
[White "Queeny"]
[Black "airborne82p"]
[Result "1-0"]
[WhiteCountry "ENG"]
[BlackCountry "USA"]
[WhiteElo "1675"]
[WhiteRD "75"]
[BlackElo "1494"]
[BlackRD "94"]
[GameID "188438"]

1. e4 e5 2. Nf3 d6 3. Nc3 Be6 4. Bb5+ c6 5. Bd3 Nf6 6. O-O d5 7. Nxe5 d4 8. Ne2 Bd6 9. Nf3 Nbd7 10. Nexd4 Bg4
11. Qe1 O-O 12. e5 Nxe5 13. Nxe5 Re8 14. Nexc6 bxc6 15. Ne2 Qb6 16. Kh1 Re7 17. f3 Bh5 18. g4 Bg6 19. Bxg6 fxg6 20. Qf2 Qc7
21. d4 Rf8 22. Qg2 Nd5 23. c4 Nb4 24. c5 Bxh2 25. f4 Nc2 26. Rb1 Ne3 27. Bxe3 Rxe3 28. Qxh2 Qe7 29. Rbe1 Qe4+ 30. Qg2 Rh3+
31. Kg1 Qe3+ 32. Qf2 Qe4= 33. Ng3 Qd5 34. a3 Rh4 35. Re5 Qd7 36. Rg5 Rxg4 37. Rxg4 Qxg4 38. Qf3 h5 39. Kh2 Rxf4 40. Qxf4 Qxf4
41. Rxf4 Kh7 42. Rf7 Kh6 43. Rxa7 h4 44. Ra6 hxg3+ 45. Kxg3 Kh5 46. Rxc6 g5 47. d5 g6 48. d6
1-0

[Event "Topalov WC2009"]
[Site "SchemingMind.com"]
[Date "2009.01.20"]
[Round "-"]
[White "keen"]
[Black "Queeny"]
[Result "1-0"]
[WhiteCountry "SCO"]
[BlackCountry "ENG"]
[WhiteElo "1650"]
[WhiteRD "57"]
[BlackElo "1613"]
[BlackRD "76"]
[GameID "188439"]

1. d4 d5 2. e3 Nf6 3. Bd3 Bg4 4. f3 Bh5 5. g4 Bg6 6. Bxg6 hxg6 7. Nc3 Nc6 8. h4 e5 9. Nge2 exd4 10. exd4 Bb4
11. Bd2 Qe7 12. Kf2 Nd7 13. Nxd5 Qd6 14. Nxb4 Nxb4 15. c3 Nd3+ 16. Kg2 Nxb2 17. Qb3 Qa6 18. Rae1 Na4 19. Nf4+ Kd8 20. Qxf7 Qf6
21. Qxg6 Qxg6 22. Nxg6 Re8 23. Bg5+ Nf6 24. Bxf6+ gxf6 25. Rxe8+ Kxe8 26. c4 Rd8 27. d5 Nc3 28. h5 Kf7 29. Nf4 Kg8 30. Ne6 Rd7
31. a3 c6 32. Nc5
1-0

[Event "Topalov WC2009"]
[Site "SchemingMind.com"]
[Date "2009.01.21"]
[Round "-"]
[White "fouche"]
[Black "Queeny"]
[Result "0-1"]
[WhiteCountry "COL"]
[BlackCountry "ENG"]
[WhiteElo "1525"]
[WhiteRD "51"]
[BlackElo "1613"]
[BlackRD "76"]
[GameID "188440"]

1. c4 e5 2. Nc3 d6 3. d3 Nf6 4. Nf3 Nc6 5. Bg5 Be7 6. g3 h6 7. Bxf6 Bxf6 8. Nd5 Be6 9. Bg2 Bxd5 10. cxd5 Nb4
11. e4 c6 12. a3 Na6 13. Rc1 cxd5 14. exd5 Nc7 15. Qa4+ Qd7 16. Qe4 Bd8 17. O-O O-O 18. Rc3 f5 19. Qc4 Ne8 20. Rfc1 f4
21. Qe4 Nf6 22. Qc4 fxg3 23. hxg3 Bb6 24. Nd2 Ng4 25. Ne4 Bxf2+ 26. Nxf2 Rxf2 27. Bh3 Rf3 28. Qxg4 Qxg4 29. Bxg4 Rxg3+ 30. Kf2 Rxg4
31. Rc7 Rf4+ 32. Kg3 Raf8 33. Rxb7 h5 34. Rcc7 Rg4+ 35. Kh3 Rf3+ 36. Kh2 h4 37. Rxa7 Rf2+ 38. Kh3 Rg3+ 39. Kxh4 Rg1 40. Kh3 Rf6
41. Ra8+ Kh7 42. Kh2 Rg5
0-1

[Event "Topalov WC2009"]
[Site "SchemingMind.com"]
[Date "2009.01.21"]
[Round "-"]
[White "airborne82p"]
[Black "Queeny"]
[Result "0-1"]
[WhiteCountry "USA"]
[BlackCountry "ENG"]
[WhiteElo "1470"]
[WhiteRD "100"]
[BlackElo "1654"]
[BlackRD "71"]
[GameID "188441"]

1. e4 e5 2. Nf3 Nc6 3. Bb5 Nf6 4. d3 Bb4+ 5. c3 Bc5 6. Be3 Bxe3 7. fxe3 O-O 8. O-O d6 9. Bxc6 bxc6 10. c4 Bg4
11. d4 Bxf3 12. Qxf3 d5 13. exd5 cxd5 14. dxe5 Ne4 15. Rd1 c6 16. Nc3 Nxc3 17. bxc3 Qa5 18. cxd5 Qxc3 19. Rac1 Qxe5 20. dxc6 Rfd8
21. c7 Rxd1+ 22. Rxd1 Rf8 23. Rd7 Qa1+ 24. Kf2 Qxa2+ 25. Kg3 Qc4 26. Qb7 Qc5 27. Rd8 Qxe3+ 28. Kh4 Qe7+ 29. Kg3 Rxd8 30. c8=Q Qa3+
31. Kg4 Rxc8 32. Qxc8+ Qf8 33. Qf5 Qd6 34. g3 Qg6+ 35. Qxg6 fxg6 36. Kg5 a5 37. Kf4 a4 38. Ke3 a3
0-1

[Event "Topalov WC2009"]
[Site "SchemingMind.com"]
[Date "2009.01.22"]
[Round "-"]
[White "Gary"]
[Black "keen"]
[Result "0-1"]
[WhiteCountry "ENG"]
[BlackCountry "SCO"]
[WhiteElo "1412"]
[WhiteRD "58"]
[BlackElo "1710"]
[BlackRD "60"]
[GameID "188703"]

1. e4 c5 2. Nf3 Nf6 3. Nc3 d6 4. Bc4 Nc6 5. O-O g6 6. d4 cxd4 7. Nxd4 Bg7 8. Kh1 O-O 9. f4 Nxd4 10. Qxd4 Bd7
11. h3 Rc8 12. Bd3 a6 13. a4 Nh5 14. Qe3 e6 15. g4 Nf6 16. e5 dxe5 17. fxe5 Bc6+ 18. Ne4 Nxg4 19. hxg4 Qh4+ 20. Kg2 Bxe5
0-1

[Event "Topalov WC2009"]
[Site "SchemingMind.com"]
[Date "2009.01.23"]
[Round "-"]
[White "Gary"]
[Black "fouche"]
[Result "0-1"]
[WhiteCountry "ENG"]
[BlackCountry "COL"]
[WhiteElo "1412"]
[WhiteRD "58"]
[BlackElo "1592"]
[BlackRD "59"]
[GameID "188704"]

1. c4 Nf6 2. Nf3 e6 3. Nc3 Bb4 4. Qb3 c5 5. g3 O-O 6. Bg2 Nc6 7. a3 Ba5 8. e3 a6 9. O-O Bc7 10. Qc2 d5
11. b3 b6 12. Bb2 Bb7 13. Rfd1 Qe7 14. d4 Rac8 15. cxd5 Nxd5 16. e4 Nxc3 17. Bxc3 cxd4 18. Nxd4 Rfd8 19. Nxc6 Bxc6 20. a4 Kf8
21. Rd4 Rxd4 22. Bxd4 Bb7
0-1

[Event "Topalov WC2009"]
[Site "SchemingMind.com"]
[Date "2009.01.22"]
[Round "-"]
[White "Gary"]
[Black "Queeny"]
[Result "0-1"]
[WhiteCountry "ENG"]
[BlackCountry "ENG"]
[WhiteElo "1412"]
[WhiteRD "58"]
[BlackElo "1675"]
[BlackRD "75"]
[GameID "188705"]

1. e4 e5 2. Nf3 Nc6 3. Bb5 Nf6 4. O-O Nxe4 5. d4 Bd6 6. Re1 f5 7. dxe5 Bc5 8. Be3 Qe7 9. Bxc6 dxc6 10. Nbd2 Bxe3
11. Rxe3 Qb4 12. Nb3 Be6 13. c3 Qe7 14. Nbd4 O-O-O 15. Qe2 c5 16. Nc2 Bf7 17. Rd1 Bh5 18. Red3 Qxe5 19. Nxe5 Bxe2 20. Rxd8+ Rxd8
21. Rxd8+ Kxd8 22. f3 Nf6 23. Ne3 g6 24. Kf2 Bb5 25. g4 fxg4 26. fxg4 Ke7 27. c4 Ke6 28. Nd3 Ne4+ 29. Ke2 Bd7
0-1

[Event "Topalov WC2009"]
[Site "SchemingMind.com"]
[Date "2009.01.22"]
[Round "-"]
[White "Gary"]
[Black "airborne82p"]
[Result "0-1"]
[WhiteCountry "ENG"]
[BlackCountry "USA"]
[WhiteElo "1412"]
[WhiteRD "58"]
[BlackElo "1494"]
[BlackRD "94"]
[GameID "188706"]

1. c4 Nc6 2. Nf3 e6 3. Nc3 d5 4. e3 Bd7 5. Be2 Nf6 6. O-O Be7 7. b3 Ne4 8. Bb2 Bf6 9. Qc2 Nb4 10. Qb1 e5
11. Nxd5 Nxd5 12. cxd5 Bg4 13. Qxe4 Bxf3
0-1

[Event "Topalov WC2009"]
[Site "SchemingMind.com"]
[Date "2009.01.23"]
[Round "-"]
[White "keen"]
[Black "Gary"]
[Result "1-0"]
[WhiteCountry "SCO"]
[BlackCountry "ENG"]
[WhiteElo "1710"]
[WhiteRD "60"]
[BlackElo "1412"]
[BlackRD "58"]
[GameID "188707"]

1. d4 Nf6 2. e3 g6 3. Bd3 Bg7 4. Nd2 O-O 5. f4 d6 6. Ngf3 b6 7. O-O Bb7 8. c3 Nbd7 9. e4 e5 10. fxe5 dxe5
11. h3 Re8 12. Qc2 Qe7 13. Nc4 exd4 14. cxd4 Nxe4 15. Re1 f5 16. Bg5 Qe6 17. Bh4 h6 18. Nce5 Nxe5 19. dxe5 Bxe5 20. Nxe5 Qxe5
21. Re3 Qd4 22. Qc4+
1-0

[Event "Topalov WC2009"]
[Site "SchemingMind.com"]
[Date "2009.01.23"]
[Round "-"]
[White "fouche"]
[Black "Gary"]
[Result "1-0"]
[WhiteCountry "COL"]
[BlackCountry "ENG"]
[WhiteElo "1592"]
[WhiteRD "59"]
[BlackElo "1412"]
[BlackRD "58"]
[GameID "188708"]

1. e4 c6 2. d4 d5 3. Nc3 dxe4 4. Nxe4 Bf5 5. Ng3 Bg6 6. Nf3 Nf6 7. h4 h5 8. Bd3 Bxd3 9. Qxd3 Nbd7 10. Bf4 e6
11. Ne5 Be7 12. O-O-O Nxe5 13. Bxe5 Qd7 14. f3 O-O-O 15. Ne2 g6 16. c3 Rhg8 17. Rd2 Nd5 18. Rhd1 f6 19. Bh2 g5 20. g3 Bd6
21. hxg5 fxg5 22. a3 Qc7 23. c4 Nf6 24. c5
1-0

[Event "Topalov WC2009"]
[Site "SchemingMind.com"]
[Date "2009.01.22"]
[Round "-"]
[White "Queeny"]
[Black "Gary"]
[Result "1-0"]
[WhiteCountry "ENG"]
[BlackCountry "ENG"]
[WhiteElo "1675"]
[WhiteRD "75"]
[BlackElo "1412"]
[BlackRD "58"]
[GameID "188709"]

1. e4 c5 2. Nf3 d6 3. Bb5+ Bd7 4. Nc3 g6 5. O-O Bg7 6. d4 cxd4 7. Nxd4 Nf6 8. Qe1 O-O 9. e5 dxe5 10. Qxe5 e6
11. Bg5 Bxb5 12. Ndxb5 Nc6 13. Qc7 Qxc7 14. Nxc7 Rad8 15. Ne4 a6 16. Nxf6+ Bxf6 17. Bxf6 Rd7 18. Nxa6 bxa6 19. a4 Nb4 20. c3 Nd3
21. Rad1 Nc5 22. Rxd7 Nxd7 23. Bg5 Nc5 24. Be7 Rc8 25. Bxc5 Rxc5 26. f4 Rd5 27. b4 Kf8 28. Rf3 Ke7 29. Kf2 Kd6 30. Ke2 h5
31. h3 Kc6 32. g4 hxg4 33. hxg4
1-0

[Event "Topalov WC2009"]
[Site "SchemingMind.com"]
[Date "2009.01.22"]
[Round "-"]
[White "airborne82p"]
[Black "Gary"]
[Result "1-0"]
[WhiteCountry "USA"]
[BlackCountry "ENG"]
[WhiteElo "1494"]
[WhiteRD "94"]
[BlackElo "1412"]
[BlackRD "58"]
[GameID "188710"]

1. e4 c6 2. d4 d5 3. e5 Bf5 4. Bd3 Bxd3 5. Qxd3 e6 6. Nf3 Be7 7. O-O Nd7 8. Nc3 c5 9. Qb5 Qc7 10. Bg5 a6
11. Qe2 h6 12. Bxe7
1-0

[Event "Topalov WC2009"]
[Site "SchemingMind.com"]
[Date "2009.01.24"]
[Round "-"]
[White "jocamble"]
[Black "Gary"]
[Result "0-1"]
[WhiteCountry "IRL"]
[BlackCountry "ENG"]
[WhiteElo "1369"]
[WhiteRD "76"]
[BlackElo "1412"]
[BlackRD "58"]
[GameID "188854"]

1. e4 c5 2. Bc4 e6 3. d3 Nc6 4. c3 Nf6 5. Nh3 d5 6. Bb5 Be7 7. O-O O-O 8. Nd2 Qc7 9. d4 a6 10. Bd3 Nxe4
11. Qh5 Nf6 12. Qh4 Bd6 13. Nf3 Re8 14. Nhg5 h6 15. Nh3 e5 16. dxe5 Nxe5 17. Be2 Ng6 18. Qa4 b5 19. Qc2 Bxh3
0-1

[Event "Topalov WC2009"]
[Site "SchemingMind.com"]
[Date "2009.01.23"]
[Round "-"]
[White "jocamble"]
[Black "keen"]
[Result "0-1"]
[WhiteCountry "IRL"]
[BlackCountry "SCO"]
[WhiteElo "1401"]
[WhiteRD "72"]
[BlackElo "1650"]
[BlackRD "57"]
[GameID "188855"]

1. e4 c5 2. Bc4 e6 3. d3 g6 4. Nf3 Bg7 5. O-O Nc6 6. Bd2 Nf6 7. Bg5 O-O 8. e5 h6 9. Be3 Ng4 10. Bxc5 Re8
11. h3 Ngxe5 12. Nd4 Nxc4 13. dxc4 Ne5 14. Na3 d6 15. Bb4 Qb6 16. c3 a5 17. Qa4 Bd7 18. Bxa5 Rxa5 19. Qb4 Qxb4 20. cxb4 Raa8
21. Nab5 Rec8 22. Nxd6 Rcb8 23. c5 Nc6 24. N4b5 Nxb4 25. Nc7 Rxa2 26. Rab1 Rxb2 27. Rbd1 Bc6 28. f3 Rc2 29. Nce8 Bxe8
0-1

[Event "Topalov WC2009"]
[Site "SchemingMind.com"]
[Date "2009.01.24"]
[Round "-"]
[White "jocamble"]
[Black "fouche"]
[Result "0-1"]
[WhiteCountry "IRL"]
[BlackCountry "COL"]
[WhiteElo "1401"]
[WhiteRD "72"]
[BlackElo "1525"]
[BlackRD "51"]
[GameID "188856"]

1. e4 e6 2. d4 d5 3. e5 c5 4. dxc5 Bxc5 5. Be3 Bxe3 6. fxe3 Nc6 7. Nf3 Qa5+ 8. c3 Nge7 9. b4 Qb6 10. b5 Na5
11. Nd4 O-O 12. Bd3 Nc4 13. Qh5 g6 14. Qg5 Qc7 15. Nf3 Nf5 16. Nbd2 Ncxe3 17. g4 h6 18. Rc1 hxg5
0-1

[Event "Topalov WC2009"]
[Site "SchemingMind.com"]
[Date "2009.01.23"]
[Round "-"]
[White "jocamble"]
[Black "Queeny"]
[Result "0-1"]
[WhiteCountry "IRL"]
[BlackCountry "ENG"]
[WhiteElo "1401"]
[WhiteRD "72"]
[BlackElo "1613"]
[BlackRD "76"]
[GameID "188857"]

1. e4 e5 2. Nf3 Nc6 3. Bc4 h6 4. O-O Nf6 5. d3 Bd6 6. Na3 Bxa3 7. bxa3 h5 8. Ng5 d5 9. exd5 Nxd5 10. Bd2 f6
11. Ne4 Bf5 12. Nc5 Bg4 13. f3 Bc8 14. Qe1 Nd4 15. Rc1 Qd6 16. Ne4 Qc6 17. c3 Nf5 18. a4 O-O 19. Bb5 Qb6+ 20. Kh1 Nd6
21. Bc4 Nxc4 22. dxc4 Nf4 23. Rb1 Qc6 24. a5 Bf5 25. a3 b6 26. a6 Qxc4 27. Rf2 Nd3 28. Qe2 Nxf2+ 29. Qxf2 Bxe4 30. fxe4 Qxe4
31. Re1 Qg6 32. c4 Qd3 33. Re3 Qxc4 34. Bb4 Rfd8 35. h3 Rd3 36. Re1 Rad8 37. Qe2 c5 38. Bd2 Qa2 39. Rd1 Qxa3 40. Bc1 Rxd1+
41. Kh2 Qxc1 42. Qxh5 Qf4+ 43. g3 Qf2#
0-1

[Event "Topalov WC2009"]
[Site "SchemingMind.com"]
[Date "2009.01.23"]
[Round "-"]
[White "keen"]
[Black "jocamble"]
[Result "1-0"]
[WhiteCountry "SCO"]
[BlackCountry "IRL"]
[WhiteElo "1650"]
[WhiteRD "57"]
[BlackElo "1401"]
[BlackRD "72"]
[GameID "188860"]

1. d4 d5 2. e3 Bf5 3. Nd2 e6 4. g4 Bg6 5. h4 h5 6. g5 f6 7. Ngf3 fxg5 8. Nxg5 Qd6 9. Bh3 Nd7 10. Bxe6 O-O-O
11. Ndf3 Nf6 12. Ne5 Re8 13. Nxg6 Rh6 14. Nxf8 Rxf8 15. Bh3 Ng4 16. Bxg4 hxg4 17. Qxg4 Qf6 18. f4 b6 19. Bd2 Qe7 20. O-O-O Kb8
21. a3 Nf6 22. Qe6 Qd7 23. Qxd7 Nxd7 24. Ne6 Rxe6 25. Rdg1 Rg8 26. Rg5 Nf6 27. Rhg1 Rh8 28. Rxg7 Rxh4 29. Rf7
1-0

[Event "Topalov WC2009"]
[Site "SchemingMind.com"]
[Date "2009.01.24"]
[Round "-"]
[White "fouche"]
[Black "jocamble"]
[Result "1-0"]
[WhiteCountry "COL"]
[BlackCountry "IRL"]
[WhiteElo "1525"]
[WhiteRD "51"]
[BlackElo "1401"]
[BlackRD "72"]
[GameID "188861"]

1. c4 e5 2. Nc3 Bc5 3. e3 Nf6 4. Nge2 e4 5. d4 Bb4 6. Bd2 d6 7. Ng3 O-O 8. Ncxe4 Bxd2+ 9. Qxd2 c6 10. Nxf6+ Qxf6
11. Bd3 g6 12. O-O Be6 13. Rac1 Na6 14. Ne4 Qe7 15. Rfe1 f5 16. Nc3 Nb4 17. a3 Na6 18. e4 fxe4 19. Nxe4
1-0

[Event "Topalov WC2009"]
[Site "SchemingMind.com"]
[Date "2009.01.23"]
[Round "-"]
[White "Queeny"]
[Black "jocamble"]
[Result "1-0"]
[WhiteCountry "ENG"]
[BlackCountry "IRL"]
[WhiteElo "1613"]
[WhiteRD "76"]
[BlackElo "1401"]
[BlackRD "72"]
[GameID "188862"]

1. e4 e5 2. Nf3 Nc6 3. Nc3 Bc5 4. d3 d6 5. Nd5 Nf6 6. Bg5 h6 7. Bxf6 gxf6 8. a3 f5 9. b4 Bd4 10. Be2 Ne7
11. c3 Bb6 12. Nxe7 Qxe7 13. O-O Bd7 14. a4 a5 15. Qb1 Rg8 16. bxa5 Rxa5 17. Bd1 f6 18. exf5 Qg7 19. g3 Bxf5 20. Kg2 Qg4
21. h3 Qg6 22. Nh4 Qg5 23. Nxf5 Qxf5 24. Bg4 Qg5 25. Re1 f5 26. Bf3 f4 27. g4 Qh4 28. d4 h5 29. Qh7 Kf8 30. Bxb7 exd4
31. Qd7 Re5 32. Qc8+ Kg7 33. Qd7+ Kh8 34. Rxe5 dxe5 35. Rh1 dxc3 36. Rf1 f3+ 37. Kxf3 Qxh3+ 38. Ke2 c2 39. Qe6 hxg4 40. Qxe5+ Rg7
41. Rc1 g3 42. fxg3 Qh2+ 43. Kd3 Qh7+ 44. Be4 Qh6 45. Kxc2 c5 46. Rh1 Qh7 47. Rxh7+ Kg8 48. Qxg7#
1-0